000 nam a22 7a 4500
999 _c329218
_d329218
003 ASAB
005 20170427112104.0
008 170427b xxu||||| |||| 00| 0 eng d
020 _a978-81-203-4033-6
040 _cASAB
082 _a614.4
245 _aFundamentals of cytogenetics and genetics
_cby Mahabal Ram
246 _acytogenetics
_bgenetics
250 _aeastern economy edition
260 _aNew Delhi
_bPHI Learning private Limited.
_c2010
300 _a653 P
942 _2ddc
_cBK